|
|
|
|
| LEADER |
04863nam a2200529 a 4500 |
| 001 |
GR-Patra31057 |
| 003 |
GR-PaULI |
| 005 |
20230920113853.0 |
| 008 |
120516s2007 gr a g b 000 0 gre d |
| 952 |
|
|
|0 0
|1 0
|2 ddc
|4 0
|6 617_102000000000000_62_FLE
|7 0
|9 313579
|a LISK
|b LISK
|c EUD
|d 2021-01-17
|e 24
|f 0
|g 0.00
|l 0
|o 617.102 62 FLE
|p 92410055017
|r 2021-01-17 00:00:00
|t 1
|v 2021.00
|w 2021-01-17
|y BK15
|x 20130211 0 1
|x GrPaTEI
|
| 952 |
|
|
|0 0
|1 0
|2 ddc
|4 0
|6 617_102000000000000_62_FLE
|7 0
|9 313580
|a LISK
|b LISK
|c EUD
|d 2021-01-17
|e 24
|f 0
|g 0.00
|l 0
|o 617.102 62 FLE
|p 92410055018
|r 2021-01-17 00:00:00
|t 2
|v 2021.00
|w 2021-01-17
|y BK15
|x 20130211 0 1
|x GrPaTEI
|
| 952 |
|
|
|0 0
|1 0
|2 ddc
|4 0
|6 617_102000000000000_62_FLE
|7 0
|9 313581
|a LISK
|b LISK
|c EUD
|d 2021-01-17
|e 24
|f 0
|g 0.00
|l 0
|o 617.102 62 FLE
|p 92410055019
|r 2021-01-17 00:00:00
|t 3
|v 2021.00
|w 2021-01-17
|y BK15
|x 20130211 0 1
|x GrPaTEI
|
| 952 |
|
|
|0 0
|1 0
|2 ddc
|4 0
|6 617_102000000000000_62_FLE
|7 0
|9 313582
|a LISK
|b LISK
|c EUD
|d 2021-01-17
|e 24
|f 0
|g 0.00
|l 0
|o 617.102 62 FLE
|p 92410055020
|r 2021-01-17 00:00:00
|t 4
|v 2021.00
|w 2021-01-17
|y BK15
|x 20130211 0 1
|x GrPaTEI
|
| 952 |
|
|
|0 0
|1 0
|2 ddc
|4 0
|6 617_102000000000000_62_FLE
|7 0
|9 313583
|a LISK
|b LISK
|c EUD
|d 2021-01-17
|e 24
|f 0
|g 0.00
|l 0
|o 617.102 62 FLE
|p 92410055021
|r 2021-01-17 00:00:00
|t 5
|v 2021.00
|w 2021-01-17
|y BK15
|x 20130211 0 1
|x GrPaTEI
|
| 952 |
|
|
|0 0
|1 0
|2 ddc
|4 0
|6 617_102000000000000_62_FLE
|7 0
|9 313584
|a LISK
|b LISK
|c EUD
|d 2021-01-17
|e 24
|f 0
|g 0.00
|l 0
|o 617.102 62 FLE
|p 92410055022
|r 2021-01-17 00:00:00
|t 6
|v 2021.00
|w 2021-01-17
|y BK15
|x 20130211 0 1
|x GrPaTEI
|
| 952 |
|
|
|0 0
|1 0
|2 ddc
|4 0
|6 617_102000000000000_62_FLE
|7 1
|9 313585
|a LISK
|b LISK
|c BSC
|d 2021-01-17
|e 24
|f 0
|g 0.00
|l 0
|o 617.102 62 FLE
|p 92410051620
|r 2021-01-17 00:00:00
|t 7
|v 2021.00
|w 2021-01-17
|y BKN
|e 24
|x 20120516 0 0
|x GrPaTEI
|
| 952 |
|
|
|0 0
|1 0
|2 ddc
|4 0
|6 617_102000000000000_7_FLE
|7 0
|9 369839
|a LISP
|b LISP
|c BSC
|d 2023-03-13
|i 55017
|l 0
|o 617.102 7 FLE
|p 025000299023
|r 2023-03-13 00:00:00
|t 8
|v 2023.00
|w 2023-03-13
|y BK15
|
| 952 |
|
|
|0 0
|1 0
|2 ddc
|4 0
|6 617_102000000000000_7_FLE
|7 0
|9 369840
|a LISP
|b LISP
|c BSC
|d 2023-03-13
|i 51620
|l 0
|o 617.102 7 FLE
|p 025000299022
|r 2023-03-13 00:00:00
|t 9
|v 2023.00
|w 2023-03-13
|y BK15
|
| 952 |
|
|
|0 0
|1 0
|2 ddc
|4 0
|6 617_102000000000000_7_FLE
|7 0
|9 369841
|a LISP
|b LISP
|c BSC
|d 2023-03-13
|i 55019
|l 0
|o 617.102 7 FLE
|p 025000299021
|r 2023-03-13 00:00:00
|t 10
|v 2023.00
|w 2023-03-13
|y BK15
|
| 952 |
|
|
|0 0
|1 0
|2 ddc
|4 0
|6 617_102000000000000_62_FLE
|7 0
|9 371179
|a LISA
|b LISA
|c BSC
|d 2023-04-25
|i 17185
|l 0
|o 617.102 62 FLE
|p 025000278708
|r 2023-04-25 00:00:00
|v 2023.00
|w 2023-04-25
|y BK15
|
| 952 |
|
|
|0 0
|1 0
|2 ddc
|4 0
|6 617_102000000000000_62_FLE
|7 0
|9 371884
|a MSLG
|b MSLG
|c BSC
|d 2023-05-22
|i 55018
|l 0
|o 617.102 62 FLE
|p 992410055018
|r 2023-05-22 00:00:00
|t 12
|w 2023-05-22
|y BK15
|
| 999 |
|
|
|c 179411
|d 179411
|
| 020 |
|
|
|a 9789603995852
|
| 040 |
|
|
|a GrPaTEI
|b gre
|c GR-PaULI
|d GR-ΑiPI
|e AACR2
|
| 041 |
|
|
|a gre
|h eng
|
| 082 |
0 |
4 |
|a 617.102 7
|2 23
|
| 100 |
1 |
|
|a Flegel, Melinda J.
|d 1958-
|9 196606
|e συγγραφέας.
|
| 245 |
1 |
0 |
|a Πρώτες βοήθειες για αθλητές =
|b Sport first aid /
|c Melinda J. Flegel ; πρόλογος ελληνικής έκδοσης Δημήτριος Αβραμόπουλος ; γενική επιμέλεια ελληνικής έκδοσης Χαράλαμπος Ρούσσος ; επιμέλεια ελληνικής έκδοσης Παναγιώτης Σκανδαλάκης ... [κ.ά.] ; μετάφραση Δημήτριος Φιλίππου ... [κ.ά.].
|
| 246 |
1 |
1 |
|a Sport first aid
|
| 250 |
|
|
|a
|
| 260 |
|
|
|a Αθήνα :
|b Πασχαλίδης,
|c c2007.
|
| 300 |
|
|
|a xviii, 323 σ. :
|b εικ. ;
|c 29 εκ.
|
| 500 |
|
|
|a Τίτλος πρωτοτύπου: Sport first aid,3rd ed.
|
| 500 |
|
|
|a "Οδηγός για αθλητές και γυμναστές."-- σ.τ.
|
| 500 |
|
|
|a 1η έκδ.
|
| 504 |
|
|
|6 Περιλαμβάνει βιβλιογραφικές παραπομπές και ευρετήριο.
|
| 505 |
0 |
|
|a Tμήμα I: Eισαγωγή στις Πρώτες Bοήθειες στα Aθλήµατα -- Tμήμα II: ∆εξιότητες Πρώτων Bοηθειών στα Aθλήµατα -- Tμήμα III: Πρώτες Bοήθειες για Συγκεκριµένα Tραύµατα -- Παράρτημα Α: Πρωτόκολλα -- Γλωσσάριο -- Ευρετήριο.
|
| 650 |
|
4 |
|a Πρώτες βοήθειες
|9 38735
|
| 650 |
|
4 |
|a Αθλητικές κακώσεις
|9 190311
|
| 700 |
1 |
|
|a Φιλίππου, Δημήτριος K.
|9 196607
|e μεταφραστής.
|
| 700 |
1 |
|
|a Αβραμόπουλος, Δημήτρης Λ.
|9 159427
|e συγγραφέας προλόγου.
|
| 700 |
1 |
|
|a Ρούσσος, Χαράλαμπος Σ.
|e επιμελητής.
|9 50757
|
| 700 |
1 |
|
|a Σκανδαλάκης, Παναγιώτης Ν.
|9 84758
|e επιμελητής.
|
| 765 |
0 |
8 |
|i Μετάφραση του:
|t Sport first aid,3rd ed
|
| 942 |
|
|
|2 ddc
|c BK
|
| 998 |
|
|
|c ΜΠΟΥΡΑΣ
|d 2023-03
|
| 998 |
|
|
|d ΚΟΚΟΤΟΥ
|b 2023-04
|